Triết lý trong văn hoá phương Đông /

Triết lý trong văn hoá Ấn Độ; Triết lý trong văn hoá Trung Hoa; Triết lý trong văn hoá Việt Nam.

Spremljeno u:
Bibliografski detalji
Glavni autor: Nguyễn Hùng Hậu.
Format: Knjiga
Jezik:Vietnamese
Izdano: Hà Nội : Đại học sư phạm, 2004.
Serija:Tủ sách triết học Đông Tây.
Teme:
Oznake: Dodaj oznaku
Bez oznaka, Budi prvi tko označuje ovaj zapis!
Thư viện lưu trữ: Mạng thư viện Đại học Đà Nẵng
LEADER 01319cam a2200385 a 4500
001 000044998
003 4106
005 20060414083043.0
008 010220b2004 vm 000 vie
020 |c 42000 
040 |a LRC  |c LRC  |d LRC 
041 0 |a vie 
082 1 4 |a 181  |b NG-H 
100 1 |a Nguyễn Hùng Hậu. 
245 1 0 |a Triết lý trong văn hoá phương Đông /  |c Nguyễn Hùng Hậu. 
260 |a Hà Nội :  |b Đại học sư phạm,  |c 2004. 
300 |a 427 tr. ;  |c 18,5 cm. 
440 0 |a Tủ sách triết học Đông Tây. 
520 3 |a Triết lý trong văn hoá Ấn Độ; Triết lý trong văn hoá Trung Hoa; Triết lý trong văn hoá Việt Nam. 
630 0 4 |a Văn hoá. 
630 0 4 |a Văn hoá phương Đông. 
650 0 4 |a Triết học. 
650 0 4 |a Văn hoá phương Đông. 
OWN |a DUT 
AVA |a UDN50  |b DUT  |c Book  |d 181 NG-H  |e available  |t Error 5001 Not defined in file expand_doc_bib_avail.  |f 3  |g 1  |h N  |i 1  |j SH  |k 1 
999 |a From the UDN01 
AVA |a UDN50  |b DUT  |c Book  |d 181 NG-H  |e available  |t Error 5001 Not defined in file expand_doc_bib_avail.  |f 3  |g 1  |h N  |i 1  |j SH  |k 1 
TYP |a Monograph 
TYP |a Printed language 
980 |a Mạng thư viện Đại học Đà Nẵng